[Event "FIDE World Uni Rapid-B 1st"]
[Site "Tornelo INT"]
[Date "2021.03.21"]
[Round "8"]
[White "Arvizu Rivera, Patricia Sa"]
[Black "Srivatsav, Aadarsh"]
[Result "1-0"]
[WhiteElo "1735"]
[BlackElo "1665"]
[PlyCount "87"]
[EventDate "2021.03.20"]
[EventType "swiss (rapid)"]
[EventRounds "12"]
[EventCountry "NET"]
[SourceTitle "CBM 201 Extra"]
[Source "ChessBase"]
[SourceDate "2021.05.31"]
[SourceVersion "1"]
[SourceVersionDate "2021.05.31"]
[SourceQuality "1"]

1. e4 c5 2. Nc3 e6 3. g3 d5 4. Bg2 Ne7 5. d3 g6 6. Bg5 Bg7 7. Qd2 h6 8. Bxe7 Qxe7 9. exd5 exd5+ 10. Nge2 d4 11. Nd5 Qd6 12. 0-0 Be6 13. Ndf4 Nc6 14. Rae1 0-0-0 15. Nxe6 fxe6 16. Nf4 e5 17. Bh3+ Kb8 18. Ne6 Rdg8 19. Nxg7 Rxg7 20. f4 g5 21. fxe5 Nxe5 22. Rf5 Re8 23. Bg2 Rge7 24. Be4 g4 25. Ref1 Re6 26. Qg2 Qb6 27. b3 Qc7 28. a4 Qg7 29. a5 a6 30. Rb1 Nf3+ 31. Bxf3 gxf3 32. Rxf3 Re2 33. Rf2 Qg4 34. Rbf1 Rxf2 35. Rxf2 Re1+ 36. Rf1 Re2 37. Rf2 Re1+ 38. Rf1 Re2 39. Qd5 Rxc2 40. Qd8+ Qc8 41. Qd6+ Ka7 42. Rf8 Rc1+ 43. Kf2 Rc2+ 44. Ke1 1-0

[Event "FIDE World Uni Blitz-B 1st"]
[Site "Tornelo INT"]
[Date "2021.03.13"]
[Round "8.37"]
[White "Kirilin, Dmitrij"]
[Black "Arvizu Rivera, Patricia Sa"]
[Result "1-0"]
[WhiteElo "2093"]
[BlackElo "1735"]
[PlyCount "71"]
[EventDate "2021.03.13"]
[EventType "swiss (blitz)"]
[EventRounds "10"]
[EventCountry "NET"]
[SourceTitle "EXT 2022"]
[Source "ChessBase"]
[SourceDate "2021.10.06"]
[SourceVersion "1"]
[SourceVersionDate "2021.10.06"]
[SourceQuality "1"]

1. Nf3 Nf6 2. c4 e6 3. Nc3 b6 4. g3 Bb7 5. Bg2 Be7 6. 0-0 0-0 7. d4 d5 8. Ne5 c6 9. e4 dxe4 10. Nxe4 Nxe4 11. Bxe4 Qc7 12. Bf4 Bd6 13. Qh5 f5 14. Bg2 Nd7 15. Rfe1 Nf6 16. Qh4 Rae8 17. c5 bxc5 18. dxc5 Bxc5 19. Ng6 Qb6 20. Nxf8 Bxf2+ 21. Kh1 Bxe1 22. Nxh7 Nxh7 23. Rxe1 Qxb2 24. Be5 Qd2 25. g4 fxg4 26. Be4 Ng5 27. Bg2 Nf3 28. Bxf3 gxf3 29. Rg1 Qg2+ 30. Rxg2 fxg2+ 31. Kxg2 c5+ 32. Kf2 Rf8+ 33. Ke1 Rf5 34. Qd8+ Kh7 35. Qc7 Bd5 36. Qxg7# 1-0